Patagonia, resto de un antiguo continente hoy sumerjido : contribuciones al estudio de las colecciones del Museo antropológico y arqueológico /

Saved in:
Bibliographic Details
Main Author: Moreno, Francisco Pascasio, 1852-1919.
Corporate Author: Sociedad Científica Argentina.
Format: Book
Language:Spanish
Published: Buenos Aires : Impr. de Pablo E. Coni, 1882.
Series:Latin American pamphlet digital project at Harvard University.
Latin American pamphlet digital project at Harvard University. Preservation microfilm collection ; 0115.
Subjects:
Tags: Add Tag
No Tags, Be the first to tag this record!
LEADER 01304nam a2200301Ia 4500
001 006104403-2
005 20030820122937.0
008 860917s1882 ag 000 0 spa
010 |a  24008122 //r 
035 0 |a ocn786261799 
035 0 |a ocm14229322 
040 |a DLC  |c AZU  |d AZU  |d HLS  |d HMM 
043 |a s-ag---  |a s-cl--- 
050 0 |a QE231  |b .M6 
100 1 |a Moreno, Francisco Pascasio,  |d 1852-1919. 
245 1 0 |a Patagonia, resto de un antiguo continente hoy sumerjido :  |b contribuciones al estudio de las colecciones del Museo antropológico y arqueológico /  |c por Francisco P. Moreno. 
260 |a Buenos Aires :  |b Impr. de Pablo E. Coni,  |c 1882. 
300 |a 37 p. ;  |c 23 cm. 
500 |a At head of title: Conferencias de la Sociedad Científica Argentina. 
500 |a "Conferencia del 15 de julio de 1882." 
650 0 |a Geology  |z Patagonia (Argentina and Chile) 
650 0 |a Paleontology  |z Patagonia (Argentina and Chile) 
610 2 0 |a Museo antropológico y arqueológico (Buenos Aires, Argentina) 
710 2 0 |a Sociedad Científica Argentina. 
830 0 |a Latin American pamphlet digital project at Harvard University.  |5 net 
830 0 |a Latin American pamphlet digital project at Harvard University.  |p Preservation microfilm collection ;  |v 0115.  |5 mmf 
988 |a 20020608 
906 |0 DLC